Normal view
MARC view
- Hindle, H.
Entry Personal Name
001 - CONTROL NUMBER
- control field: 42662
003 - CONTROL NUMBER IDENTIFIER
- control field: OSt
005 - DATE AND TIME OF LATEST TRANSACTION
- control field: 20201214132056.0
008 - FIXED-LENGTH DATA ELEMENTS
- fixed length control field: 201214|| aca||aabn | a|a d
040 ## - CATALOGING SOURCE
- Original cataloging agency: OSt
- Transcribing agency: OSt
100 ## - HEADING--PERSONAL NAME
- Personal name: Hindle, H.
- Relator term: Author.
670 ## - SOURCE DATA FOUND
- Source citation: Work cat.: (OSt): Moroz, Peter W. 42660, Entrepreneurship as a process: , ©2012.
